| 000 | 00374nam a22001457a 4500 | ||
|---|---|---|---|
| 999 |
_c1777 _d1777 |
||
| 008 | 200203b ||||| |||| 00| 0 eng d | ||
| 082 | 0 | 0 |
_a536.7 _bW562 |
| 100 |
_91388 _aWheeler, S. G. |
||
| 245 | 1 | 0 |
_aEntropy as a tangible conception _cby S G Wheeler |
| 260 |
_aLondon _bTechnical press _c1925 |
||
| 300 | _a76p. | ||
| 365 | _d5.12 | ||
| 650 | 0 | _aThermodynamics | |
| 942 | _cBK | ||